Geografía de España por letra - A - Estadísticas

Estadísticas generales
  • Esta prueba ha sido intentada 78 veces
  • La puntuación promedio es 10 de 20
Estadísticas de respuestas
Pista Respuesta % Correcto
La comunidad autónoma más poblada Andalucía
98%
Se llama un "Principado" Asturias
94%
Provincia más austral de la Comunidad Valenciana Alicante
91%
Un Patrimonio Mundial de Segovia Acueducto
89%
Una provincia en esa comunidad Almería
89%
País limítrofe Andorra
88%
Cueva donde se encontraron unas espectaculares pinturas rupestres Altamira
72%
Su bandera es la señera, pero con el escudo autonómico Aragón
65%
Castillo medieval de Segovia Alcázar de Segovia
57%
Tercera ciudad más poblada de la respuesta anterior Avilés
54%
Su gentilicio es "complutense" Alcalá de Henares
48%
Ciudad industrial conocida por sus fiestas de Moros y Cristianos Alcoy
34%
Municipio casi completamente rodeado por la provincia de Toledo Aranjuez
20%
Ciudad amurallada en Mallorca famosa por su casco antiguo Alcudia
15%
Ciudad cuyos dólmenes preceden a las pirámides de Egipto Antequera
14%
Parque nacional cerca de ese país Aiguas Tortas y Lago de San Mauricio
9%
Cuna de José de Espronceda y Carolina Coronado Almendralejo
8%
Entre los afluentes de la cuenca española del Tajo, es el más largo Alagón
6%
Denominación para la autopista del Norte; forma parte de la E-5 y E-80 AP-1
3%
Tribunales históricos que administraban justicia y gobierno en cada territorio en América (Reales) Audencias
2%
No se encontraron pruebas coincidentes
Distribución de puntuación
Porcentaje de gente con cada puntuación
Porcentaje por número respondido
Historial de tus puntuaciones
No has intentado esta prueba.